| 000 | 00677cam a2200205 a 4500 | ||
|---|---|---|---|
| 001 | 4257630 | ||
| 005 | 20240221051134.0 | ||
| 008 | 850215s1983 ii a b 001 0 eng | ||
| 040 |
_aDLC _cDLC _dDLC |
||
| 082 | 0 | 0 |
_a324. _219 _bREC. |
| 100 | 2 | _aWiswa Warnapala, W. A. | |
| 245 | 1 | 0 |
_aRecent politics in Sri Lanka : _bthe presidential election and the referendum of 1982 : a study of electoral practice and behaviour in an Asian democracy / _cW.A. Wiswa Warnapala, L. Dias Hewagama. |
| 260 |
_aNew Delhi : _bNavrang, _c1983. |
||
| 300 | _axvi, 240 p. : | ||
| 650 | 0 | _aElections | |
| 650 | 0 | _aPresidents | |
| 650 | 0 | _aReferendum | |
| 700 | 2 |
_aDias Hewagama, L. _eedt |
|
| 942 | _cL | ||
| 999 |
_c454 _d454 |
||